LEADER 02713nam 2200601Ia 450 001 9910450505403321 005 20200520144314.0 010 $a1-280-51476-0 010 $a9786610514762 010 $a1-84544-218-0 035 $a(CKB)1000000000018379 035 $a(EBL)231850 035 $a(OCoLC)475938053 035 $a(SSID)ssj0000673521 035 $a(PQKBManifestationID)11417166 035 $a(PQKBTitleCode)TC0000673521 035 $a(PQKBWorkID)10644670 035 $a(PQKB)11579420 035 $a(MiAaPQ)EBC231850 035 $a(Au-PeEL)EBL231850 035 $a(CaPaEBR)ebr10069020 035 $a(CaONFJC)MIL51476 035 $a(OCoLC)567815046 035 $a(EXLCZ)991000000000018379 100 $a20000815d2004 uy 0 101 0 $aeng 135 $aur|n|---||||| 181 $ctxt 182 $cc 183 $acr 200 00$aPapers from the four international network conference (INC 2004) - 6 - 9 July 2004 Plymouth, UK$b[electronic resource] /$fGuest editor Dr. Steven Furnell 210 $aBradford, England $cEmerald Group Publishing$dc2004 215 $a1 online resource (55 p.) 225 1 $aInternet research ;$vv.14, no. 5 300 $aDescription based upon print version of record. 311 $a1-84544-054-4 327 $aContents; Guest editorial; Efficient resource discovery in grids and P2P networks; Mechanisms for controlling access in the global environment; Non-business use of the Non-business use of the Australian organisations; PIDS; Web services; Using the Web Graph to influence application behaviour; Multi-dimensional personalisation for location and interest based recommendation 330 $aThe 4th International Network Conference (INC 2004) The papers in this issue of Internet Research are based on a selection of submissions from INC 2004, the 4th International Network Conference, which was held in Plymouth, UK, from 6-9 July 2004. INC events have been running since 1998, and provide a forum for sharing the latest research in computer networks and related technologies.Previously published in: Internet Research, Volume 14, Number 5, 2004 410 0$aInternet research ;$vv.14, no. 5. 606 $aComputers$xSocial aspects 606 $aInternet$xSocial aspects 608 $aElectronic books. 615 0$aComputers$xSocial aspects. 615 0$aInternet$xSocial aspects. 676 $a333.7516 701 $aFurnell$b Steven$0846860 801 0$bMiAaPQ 801 1$bMiAaPQ 801 2$bMiAaPQ 906 $aBOOK 912 $a9910450505403321 996 $aPapers from the four international network conference (INC 2004) - 6 - 9 July 2004 Plymouth, UK$92175735 997 $aUNINA